| 000 | 00803nam a22002657a 4500 | ||
|---|---|---|---|
| 003 | EG-ScBUE | ||
| 005 | 20220405115015.0 | ||
| 008 | 090625s2008 enk f 000 1 eng d | ||
| 020 | _a9780007182176 | ||
| 040 |
_aEG-ScBUE _beng _erda _cEG-ScBUE _dEG-ScBUE |
||
| 082 | 0 | 4 |
_222 _a892.735 _bSER |
| 100 | 1 |
_aSerageldin, Samia, _eauthor. |
|
| 245 | 1 | 4 |
_aThe Naqib's daughter/ _cSamia Serageldin. |
| 264 | 1 |
_aLondon : _bFourth Estate, _c2008. |
|
| 300 |
_a309 pages ; _c23 cm |
||
| 336 |
_2rdacontent _atext _btxt |
||
| 337 |
_2rdamedia _aunmediated _bn |
||
| 338 |
_2rdacarrier _avolume _bnc |
||
| 650 | 7 |
_97001 _aWomen _zEgypt _vFiction. _2BUEsh |
|
| 650 | 7 |
_97002 _aMamelukes _zEgypt _vFiction. _2BUEsh |
|
| 651 | _2BUEsh | ||
| 653 |
_bARALIT _cApril2022 |
||
| 655 |
_vReading book _934232 |
||
| 942 |
_2ddc _cBB |
||
| 999 |
_c12049 _d12049 |
||